| 000 | 00399nam a2200169 4500 | ||
|---|---|---|---|
| 003 | OSt | ||
| 005 | 20230914113803.0 | ||
| 008 | 230914b |||||||| |||| 00| 0 eng d | ||
| 020 | _a9789355854575 | ||
| 040 | _cComplimentary | ||
| 050 | _a510/SHI/NIR | ||
| 082 |
_2IST _a510/SHI/NIR |
||
| 245 | _aBasic Mathematics | ||
| 250 | _aIst | ||
| 260 |
_aPune _bTechnical Publication |
||
| 942 |
_2ddc _n0 _cBK |
||
| 999 |
_c35954 _d35954 |
||